[Event "FIN-chT 2223"]
[Site "Finland"]
[Date "2023.04.02"]
[Round "11.8"]
[White "Koskinen, Erkki"]
[Black "Martinec, Tamas"]
[Result "1/2-1/2"]
[WhiteElo "1864"]
[BlackElo "1850"]
[PlyCount "116"]
[EventDate "2022.09.24"]
[EventType "team-tourn"]
[EventRounds "11"]
[EventCountry "FIN"]
[SourceTitle "EXT 2024"]
[Source "ChessBase"]
[SourceDate "2023.10.10"]
[SourceVersion "1"]
[SourceVersionDate "2023.10.10"]
[SourceQuality "1"]
[WhiteTeam "Gambiitti"]
[BlackTeam "Tampere Tammer"]
[WhiteTeamCountry "FIN"]
[BlackTeamCountry "FIN"]

1. e4 e5 2. f4 exf4 3. Be2 d5 4. exd5 Nf6 5. Nf3 Qxd5 6. c4 Qa5 7. 0-0 c5 8. d4 cxd4 9. Nxd4 Qb6 10. Kh1 Bc5 11. Nb3 0-0 12. Nxc5 Qxc5 13. Bxf4 Ne4 14. Qe1 Re8 15. Nd2 Nc6 16. Bd3 Nf6 17. Qh4 Nb4 18. Bb1 Qd4 19. a3 Nc6 20. Nf3 Qxb2 21. Bg5 Be6 22. Bxf6 Qxf6 23. Bxh7+ Kf8 24. Ng5 Qh6 25. Qf4 Rad8 26. Nxe6+ Qxe6 27. Rae1 Qf6 28. Qxf6 gxf6 29. Rb1 Re7 30. h3 Kg7 31. Bf5 Rd4 32. Rfc1 Re5 33. Bc8 b6 34. Bb7 Na5 35. Bd5 Re3 36. Re1 Nxc4 37. Rxe3 Nxe3 38. Bc6 Nc4 39. Rb3 Rd1+ 40. Kh2 Ra1 41. Rg3+ Kf8 42. a4 f5 43. Rd3 Kg7 44. Rd4 Ne5 45. Bd5 Kg6 46. Kg3 Kf6 47. Kf4 Ng6+ 48. Ke3 Ke5 49. Bb3 Re1+ 50. Kf2 Kxd4 51. Kxe1 f6 52. Kf2 Kc3 53. Bd1 Kd2 54. Bb3 Kc3 55. Bd1 Ne5 56. h4 f4 57. h5 Kb4 58. h6 Nf7 1/2-1/2